| 000 -Etiqueta do registo | |
|---|---|
| campo de controlo de comprimento fixo | 00579 a2200217 4500 |
| 001 - Identificador do registo | |
| Campo de controlo | 76369 |
| 005 - Identificador da versão | |
| Campo de controlo | 20260423114914.0 |
| 010 ## - ISBN | |
| Número (ISBN) | 978-972-24-2173-7 |
| 100 ## - Dados Gerais de Proc. | |
| Dados gerais de processamento | 20260423d2025 m||u0pory50 |
| 101 ## - Língua da publicação | |
| Língua do texto, banda sonora, etc. | Português |
| Língua do documento no original | Inglês |
| 102 ## - País de Publicação | |
| País de publicação | Portugal |
| 200 ## - Título | |
| Título próprio | À noite os pés são frios |
| Primeira menção de responsabilidade | Margarida Damião Ferreira |
| 210 ## - Publicação, Distribuição | |
| Lugar da edição, distribuição, etc. | Lisboa |
| Nome do editor, distribuidor, etc. | Livros Horizonte |
| Data da publicação, distribuição, etc. | 2025 |
| 215 ## - Descrição física | |
| Descrição física | 191 p. |
| 225 ## - Colecção | |
| Título próprio da colecção | Horizonte de ficção |
| Indicação de volume | 109.001 |
| 606 ## - Nome comum | |
| Elemento de entrada | Literatura portuguesa |
| Koha Internal code | 2169 |
| 675 ## - CDU | |
| Notação | 83 |
| Língua da edição | Português |
| 700 ## - Responsabilidade principal | |
| Palavra de ordem | Ferreira |
| Outra parte do nome | Margarida Damião |
| Koha Internal Code | 19567 |
| 801 ## - Fonte de origem | |
| País | Portugal |
| Regras de catalogação | RPC |
| 090 ## - Números de controlo do sistema (Koha) | |
| Número biblioitem do Koha (gerado automaticamente) | 76369 |
| 942 ## - Elementos de entrada adicionados (Koha) | |
| Tipo de item no Koha | Monografias |
| Removido (estado) | Perdido (estado) | Data de aquisição | Origem do registo (biblioteca) (codificado) | Código da organização que empresta ou é detentora (biblioteca) | Código de barras | Número de inventário | Cota | Numeração (volume ou outra parte) | Tipo de circulação (não pode ser emprestado) | Tipo de item e material | Data da publicação, distribuição, etc. |
|---|---|---|---|---|---|---|---|---|---|---|---|
| Disponível | Disponível | 2026-04-23 | Biblioteca da Escola Secundária Dr. Jorge Augusto Correia | Biblioteca da Escola Secundária Dr. Jorge Augusto Correia | BESJAC12551 | 12551 | 83 FER | 109.001 | Normal | Monografias | 2025 |